Eva / (Registro nro. 3992)

Detalles MARC
000 -LEADER
fixed length control field 01075nam a2200265Ia 4500
003 - CONTROL NUMBER IDENTIFIER
control field OSt
005 - DATE AND TIME OF LATEST TRANSACTION
control field 20250410161614.0
008 - FIXED-LENGTH DATA ELEMENTS--GENERAL INFORMATION
fixed length control field 191128t1997 sp er 000 f spa d
020 ## - INTERNATIONAL STANDARD BOOK NUMBER
International Standard Book Number 842413009X
040 ## - CATALOGING SOURCE
Original cataloging agency CO-JMCR
Transcribing agency CO-JMCR
041 ## - LANGUAGE CODE
Language code of text/sound track or separate title spa
082 04 - DEWEY DECIMAL CLASSIFICATION NUMBER
Classification number A-N
Item number CARe
100 1# - MAIN ENTRY--PERSONAL NAME
Personal name Carter, Chris,
Relator term autor
9 (RLIN) 6537
245 10 - TITLE STATEMENT
Title Eva /
Statement of responsibility, etc. Chris Carter ; traducción Alfredo Ramón, María Luisa Rodríguez Pérez
250 ## - EDITION STATEMENT
Edition statement Primera edición
260 ## - PUBLICATION, DISTRIBUTION, ETC.
Place of publication, distribution, etc. España :
Name of publisher, distributor, etc. Everest,
Date of publication, distribution, etc. ©1997
300 ## - PHYSICAL DESCRIPTION
Extent 142 páginas ;
Dimensions 17 cm.
490 0# - SERIES STATEMENT
Series statement Expedinte X
500 ## - GENERAL NOTE
General note Una novelización de Ellen Steiber basada en la serie de TV Expediente X.
520 ## - SUMMARY, ETC.
Summary, etc. Dos asesinatos idénticos: uno en la Costa este, el otro en la Oeste. Dos niñas idénticas, que pueden estar o no implicadas. ¿Son estos crímenes exactamente iguales una extraña coincidencia? Los agentes Mulder y Scully no lo creen así.
650 14 - SUBJECT ADDED ENTRY--TOPICAL TERM
Topical term or geographic name entry element Novela policíaca
9 (RLIN) 214
700 ## - ADDED ENTRY--PERSONAL NAME
Personal name Ramón, Alfredo,
Relator term traductor
9 (RLIN) 6538
700 ## - ADDED ENTRY--PERSONAL NAME
Personal name Rodríguez Pérez, María Luisa,
Relator term traductora
9 (RLIN) 6539
942 ## - ADDED ENTRY ELEMENTS (KOHA)
Source of classification or shelving scheme Dewey Decimal Classification
Koha item type Books
Existencias
Withdrawn status Lost status Source of classification or shelving scheme Materials specified (bound volume or other part) Damaged status Not for loan Collection code Home library Current library Date acquired Source of acquisition Cost, normal purchase price Total Checkouts Full call number Barcode Date last seen Copy number Koha item type
    Dewey Decimal Classification Donación--06/08/2018--     Fiction Biblioteca Pública José María del Castillo y Rada Biblioteca Pública José María del Castillo y Rada 11/28/2019 Donación 0.00   A-N CARe 201808784 11/28/2019 Ej.1 Books